000 00270nam a2200109Ia 4500
008 190914s9999||||xx |||||||||||||| ||und||
100 _aRounaq Jahan
245 0 _aPakistan Failure in national integration
260 _aIndia
_bOxford
_c1995
300 _a208
942 _cBK
999 _c10037
_d10037